Statistics for Taylor Swift lyrics - Teardrops on my guitar

Click here to take the quiz!

General Stats

  • This quiz has been taken 1,308 times
  • The average score is 243 of 287

Answer Stats

Answer% Correct
a
99%
he
99%
i
99%
me
98%
so
97%
my
96%
on
96%
see
96%
that
96%
at
95%
guitar
95%
look
95%
teardrops
95%
the
95%
for
94%
reason
94%
drew
93%
he's
93%
looks
93%
smile
93%
won't
93%
fake
92%
in
92%
and
91%
be
91%
know
91%
only
91%
to
91%
do
90%
wish
90%
keep
89%
don't
88%
about
87%
can't
87%
got
87%
star
87%
why
87%
she's
86%
talks
86%
wishing
86%
cause
85%
it
85%
love
85%
with
85%
all
83%
beautiful
83%
everything
83%
thing
83%
car
82%
need
82%
singing
82%
want
82%
could
81%
girl
81%
night
81%
of
81%
song
81%
think
81%
bet
80%
have
80%
keeps
80%
live
80%
funny
79%
laugh
79%
without
79%
breathe
76%
even
75%
if
75%
right
75%
says
75%
when
75%
knows
74%
one
74%
we
74%
wonder
74%
finally
73%
him
73%
it's
73%
kind
73%
eyes
72%
tell
72%
there
72%
heart
71%
i'll
71%
I`ll
71%
lucky
71%
should
71%
walks
71%
by
70%
enough
70%
flawless
70%
perfectly
70%
break
69%
her
69%
but
68%
get
68%
goes
68%
his
68%
those
68%
sleep
66%
some
66%
give
65%
hold
65%
tonight
64%
maybe
63%
anyone
62%
better
62%
down
62%
home
62%
picture
62%
put
62%
tight
62%
who's
61%
alone
60%
drive
60%
I'm
60%
light
60%
never
60%
turn
60%
as
59%
into
57%
fall
56%
off
56%
needing
50%
time
49%
she'd
47%
up
47%
damn
42%
take
42%
there's
39%
beacuse
3%
don´t
0%

Score Distribution

Percentile by Number Answered

Percent of People with Each Score

Your Score History

You have not taken this quiz